000 01171nam a22001697a 4500
003 URS
005 20250728123535.0
008 250728b |||||||| |||| 00| 0 eng d
100 _aAzufardo, Lanz Margott
245 _aBusiness Stages and Enterpreneurial Skills of Selected Women in Taytay, Rizal
_bLanz Margott Azufardo, Nelissa Nika M. Cual, Clarissa Angelica C. Julian
260 _c2024
300 _axiii, 105
502 _aFeasibility Study
_bBachelor of Science in Business Administration Major in Marketing Management
_cURS Binangonan
_d2024
520 _aThis research aimed to explore the relationship between demographic factors and the enterpreneurial skills of women in Taytay, Rizal focusing on the challenges they faced throughout different stages of bsuiness development. Key variables examined included age, education, household size, income, type of business, and access to loans, as they influenced women entrepreneurs. The study primarily identified challenges in the startup and growth phases while evaluating decision-making, customer service, and management skills critical to their success.
700 _aBilly M. Ines
_eAdviser
942 _2lcc
_cT
999 _c83769
_d83768